000 01628nam a22001457a 4500
999 _c524130
_d524130
008 231030b ||||| |||| 00| 0 eng d
100 _aAmit and Bhatia, Kareena
_945226
245 _aIndian defense budget and nation building: A study of trends of last two decades
260 _aBihar Journal of Public Administration
300 _a20(1), Jan-Jun, 2023: p.158-169
520 _aThe Indian budget has been allocating the substantial share to Ministry of Defence over the years, including expenditure on pension. This makes an imperative to analyse the trends of allocations in relation to general budget and the GDP of the country as well as its contribution to nation building. As such, the present paper attempts to examine the defence budget in the light of Union Government expenditure from post economic reforms period, especially from1998 to 2019 through micro-analysis of one Army Plan and traces its contribution to the nation building. The analysis of two decades of annual budgets suggest that on an annual average of 2.6 per cent of Central Government expenditure is reverted back to the national economy from Army expenditure, apart from almost similar contribution from Navy and Air Force. Further, it indicates that there have been deficiencies in military modernisation, however, the Government of India has enhanced the exports in defence sector. Finally, the present paper explores the key areas for sustaining in future. – Reproduced http://www.iipabiharbranch.org/upload/Journal%20Volume%20XX.pdf
773 _aBihar Journal of Public Administration
906 _aARMED FORCES
942 _cAR